|
|
|
|
| LEADER |
00000nab a2200000 a 4500 |
| 001 |
vtls010637827 |
| 003 |
SK-MaSNL |
| 005 |
20260304031900.0 |
| 008 |
141124c1978 xo r 000 00slo |
| 015 |
|
|
|a SNBRA2014/11SVKPO
|
| 038 |
|
|
|a SVKPO
|
| 040 |
|
|
|a SVKPOCL
|b slo
|c SVKPOCL
|e AACR2
|
| 041 |
0 |
|
|a slo
|
| 044 |
|
|
|a xo
|c SK
|
| 080 |
|
|
|a 91:061.12(437.6)
|2 2001
|
| 080 |
|
|
|a (437.6-11)
|2 2001
|
| 080 |
|
|
|a 061.12(437.6)
|2 2001
|
| 100 |
1 |
|
|a Novodomec, Rudolf,
|d 1942-
|4 aut
|9 121987
|
| 245 |
1 |
0 |
|a Z činnosti pobočiek SAV na východnom Slovensku
|b činnosť Východoslovenskej odbočky Slovenskej geografickej spoločnosti SAV v Prešove v rokoch 1971 - 1976
|c Rudolf Novodomec
|
| 610 |
2 |
7 |
|a Slovenská geografická spoločnosť
|2 SNKKA
|9 155728
|
| 648 |
|
7 |
|a 1971-1976
|2 svkpocl
|9 574865
|
| 650 |
0 |
7 |
|a geografia
|2 svkpocl
|9 823
|
| 650 |
0 |
7 |
|a slovenskí geografi
|2 svkpocl
|9 1312061
|
| 651 |
|
7 |
|a Prešov (Slovensko)
|2 svkpocl
|9 17347
|
| 655 |
|
7 |
|a správy
|2 svkpocl
|9 70563
|
| 773 |
0 |
|
|t Nové obzory 20 : spoločenskovedný zborník východného Slovenska
|d Košice : Východoslovenské vydavateľstvo pre Múzeum Slovenskej republiky rád v Prešove, 1978
|g S. 444-447
|
| 852 |
|
|
|a SVKPO
|b KIS3GCP
|
| 958 |
|
|
|a SK
|
| 958 |
|
|
|a NB
|
| 999 |
|
|
|c 2640337
|d 2642267
|